|
|
|
|
| LEADER |
00000nam0a2200000 4500 |
| 001 |
124740 |
| 005 |
20231031131116.0 |
| 035 |
|
|
|a (RuTPU)RU\TPU\book\134994
|
| 090 |
|
|
|a 124740
|
| 100 |
|
|
|a 20071107d1986 km a0rusy50 ca
|
| 101 |
0 |
|
|a rus
|
| 102 |
|
|
|a RU
|
| 105 |
|
|
|a b i 001zy
|
| 200 |
0 |
|
|a 1984 г. Ч. 1. Реки и каналы. Т. 1: РСФСР; Вып. 10: Бассейны Оби (без бассейна Иртыша), Надыма, Пура, Таза
|
| 210 |
|
|
|d 1986
|
| 215 |
|
|
|a 550 с.
|c карты
|
| 320 |
|
|
|a Принятые сокращения: с. 4.
|
| 320 |
|
|
|a Алфавитный список рек: с. 6-8.
|
| 461 |
|
|
|t Государственный водный кадастр. Раздел 1. Поверхностные воды. Серия 2, Ежегодные данные
|o ежегодные данные о режиме и ресурсах поверхностных вод суши 1984
|f Государственный комитет СССР по гидрометеорологии и контролю природной среды ; Западно-Сибирское территориальное управление по гидрометеорологии и контролю природной среды
|v 1984 г. Ч. 1. Реки и каналы. Т. 1: РСФСР; Вып. 10: Бассейны Оби (без бассейна Иртыша), Надыма, Пура, Таза
|n [Б. и.]
|d 1986
|
| 610 |
1 |
|
|a гидрология
|
| 610 |
1 |
|
|a поверхностные воды
|
| 610 |
1 |
|
|a режимы
|
| 610 |
1 |
|
|a ресурсы
|
| 610 |
1 |
|
|a Россия
|
| 610 |
1 |
|
|a Сибирь
|
| 610 |
1 |
|
|a реки
|
| 610 |
1 |
|
|a каналы
|
| 610 |
1 |
|
|a Обь
|
| 610 |
1 |
|
|a Надым
|
| 610 |
1 |
|
|a Таз
|
| 610 |
1 |
|
|a Пур
|
| 610 |
1 |
|
|a водные кадастры
|
| 675 |
|
|
|a 556.5
|v 3
|
| 801 |
|
1 |
|a RU
|b 63413507
|c 20071107
|g PSBO
|
| 801 |
|
2 |
|a RU
|b 63413507
|c 20081212
|g PSBO
|
| 942 |
|
|
|c BK
|